Obmedzenia implementácie marketingu v samosprávach SR
Podmienky implementácie marketingu do výkonu samosprávy u nás sa odlišujú od zahraničných. Nedostatočná úroveň teoretických poznatkov marketingu. Nízka úroveň organizačného zabezpečenia marketingu. Absencia strategických dokumentov s koncepciou riadenia a vykonávacími programami na dlhšie časové obd...
Gespeichert in:
| 1. Verfasser: | |
|---|---|
| Format: | Buchkapitel |
| Sprache: | Slowakisch |
| Schlagworte: | |
| Tags: |
Keine Tags, Fügen Sie das erste Tag hinzu!
|
MARC
| LEADER | 00000naa$a2200000$$$4500 | ||
|---|---|---|---|
| 001 | 0102808 | ||
| 005 | 20240502072121.4 | ||
| 041 | 0 | |a slo | |
| 044 | |a SK | ||
| 245 | 1 | 0 | |a Obmedzenia implementácie marketingu v samosprávach SR |c Peter Drábik |
| 520 | |a Podmienky implementácie marketingu do výkonu samosprávy u nás sa odlišujú od zahraničných. Nedostatočná úroveň teoretických poznatkov marketingu. Nízka úroveň organizačného zabezpečenia marketingu. Absencia strategických dokumentov s koncepciou riadenia a vykonávacími programami na dlhšie časové obdobie. Využívanie outsourcingu v poskytovaní služieb. V neposlednom rade sa naše mestá a obce musia vysporiadať s dlhoročnou devastáciou tradičných hodnôt na danom území počas bývalého režimu. | ||
| 610 | 2 | 0 | |a mestá |
| 610 | 2 | 0 | |a obce |
| 610 | 2 | 0 | |a samospráva |
| 610 | 2 | 0 | |a Slovensko |
| 610 | 2 | 0 | |a marketing mix |
| 610 | 2 | 0 | |a marketing regionálny |
| 610 | 2 | 0 | |a outsourcing |
| 100 | 1 | |a Drábik, Peter, 1981- | |